03328nam a22003373i 450000100190000000500170001900600190003600700150005500800410007002000180011103500240012903500250015303500240017803500210020203500280022303500280025104000410027905000250032010000260034524501000037125000180047126400420048930000140053150509110054552013630145665000290281965000200284894200080286895200990287699900150297599110722842960619620260512150215.0m o d | cr cnu||||||||221126s2022 xx o ||||0 eng d a9781398608191 a(MiAaPQ)EBC30255673 a(Au-PeEL)EBL30255673 a(CKB)25456221400041 a(Perlego)3790640 a(CaSebORM)9781398608207 a(EXLCZ)9925456221400041 aMiAaPQbengerdaepncMiAaPQdMiAaPQ00aHF5415.2b.G754 2023 aGrigsby, Mike.92590110aMarketing Analytics b: A Practical Guide to Improving Consumer Insights Using Data Techniques. aThird edition 1aLondon :bKogan Page, Limited,c2022. a337 pages aPART ONE: How can marketing analytics help you? — Overview of statistics — Consumer behaviour and marketing strategy — What is an insight? — PART TWO: Dependent variable techniques — Modelling demand and elasticity — Polynomial distributed lags — Using Poisson regression — Logistic regression and market basket analysis — Survival modelling and lifetime value — Panel regression and same store sales — Introduction to forecasting — PART THREE: Interrelationship techniques — Simultaneous equations — Principal components and factor analysis — Segmentation overview — Tools of segmentation — PART FOUR: Focus on media and loyalty — Modelling marcom value — Media mix modelling — Overview of loyalty — Loyalty with SEM — The customer loyalty journey — PART FIVE: More important topics for everyday marketing — Statistical testing — Introduction to Big Data. aWho is most likely to buy and what is the best way to target them? How can I use both consumer analytics and modelling to improve the impact of marketing campaigns? Marketing Analytics takes you step-by-step through these areas and more. Marketing Analytics enables you to leverage predictive techniques to measure and improve marketing performance. By exploring real-world marketing challenges, it provides clear, jargon-free explanations on how to apply different analytical models for each purpose. From targeted list creation and data segmentation, to testing campaign effectiveness, pricing structures and forecasting demand, it offers a complete resource for how statistics, consumer analytics and modelling can be put to optimal use. This revised and updated third edition of Marketing Analytics contains new material on forecasting, customer touchpoints modelling, and a new focus on customer loyalty. With accessible language throughout, methodologies are simplified to ensure the more complex aspects of data and analytics are fully accessible for any level of application. Supported by a glossary of key terms and supporting resources consisting of datasets, presentation slides for each chapter and a test bank of self-test question, this book supplies a concrete foundation for optimizing marketing analytics for day-to-day business advantage. 0aMarketing research91465 0aMarketing91020 2lcc 00102lcc4070aTBSbTBSd2025-09-16l0oHF5415.127 GRIpB05667r2025-09-16t1w2025-09-16y1 c4954d4954